000 00606nam a2200253Ia 4500
005 20260121153856.0
008 008 260114s9999 xx 000 0 eng d
020 _a9780429050329
037 _aEBOOK
040 _aCRL
040 _beng
040 _cCRL
041 _2eng
041 _aeng
084 _qCRL
100 _aPhilip H Abelson
_91000225
245 0 _aBiotechnology And Biological Frontiers
260 _bTaylor and Francis
260 _c1986
856 _uhttp://www.taylorfrancis.com/books/9780429050329
942 _cEBOOK
999 _c1567046
_d1567046